00823nam a22001937a 4500003000900000005001700009008005100026020001600077040002300093100002500116240012200141245020000263250001200463260005400475300002300529490002600552700002500578830002600603DO-SdBNP20171127105609.0171121b 1997 a sp a ||||| |||| 00| 0 spa d a8471123851  aBPMSUbspa cBPMSU1 aPopkewitz, Thomas S.10aA Political Sociology of Educational Reform: Power/Knowledge in Teaching, Teacher Education and Research.lEspañol. aSociología política de las reformas educativas :bel poder-saber en la enseñanza, la formación del profesorado y la investigación /cThomas S. Popkewitz ; traducción de Pablo Manzano. a2a ed.  aMadrid : bMorata, bFundación Paideia, c2000. a295 p. ; c24 cm. 1 aEducación crítica12aManzano, Pablo,etr. 0aEducación crítica